01365nam a22001817a 4500003000400000005001700004008004100021020001800062040001200080082001400092100002300106245003100129260003600160300001100196520092100207650002401128650003101152OSt20260507144937.0260424b |||||||| |||| 00| 0 eng d a9781471195440 cAACR-II a332.4 MCW aMcWilliams, David  aMoney: a story of humanity aLondon bSimon & Schusterc2024 a400 p. aMONEY. The object of our desires. The engine of our genius. Humanity’s greatest invention. From clay tablets in Mesopotamia to today’s cryptocurrency, global economist David McWilliams takes us on an epic journey of innovation, disruption and transformation that is an astonishing new history of our species. The question is, over 5,000 years, have we changed money – or has money changed us? ‘A fun history of money told through the stories of the chancers, cheats, scoundrels and geniuses who made it happen’ KATIE MARTIN ‘An impressive journey that fizzes with facts’ ECONOMIST ‘An eye-opening history of what makes the world go round’ EVENING STANDARD ‘Compelling, funny and original’ KATJA HOYER ‘If, as David McWilliams complains, economists take the fun out of money, then he is the exception that proves the rule: a man who could not write a boring sentence if he tried’ TOM HOLLAND aFinancial economics aFinance and Economy Sector